[Event "DEM U10w 2018"]
[Site "Willingen GER"]
[Date "2018.05.25"]
[Round "9"]
[White "Arnold, Rubina"]
[Black "Peglau, Charis"]
[Result "0-1"]
[Termination "normal"]
[Board "3"]
[WhiteElo "1133"]
[BlackElo "1324"]
[WhiteClock "01:02:53"]
[BlackClock "00:40:11"]
[PlyCount "94"]
[WhiteFideId "16276272"]
[BlackFideId "16219996"]
[EventCountry "GER"]
[EventRounds "11"]
[EventType "swiss"]
[EventDate "2018.05.19"]

1. d4 {[%clk 1:15:56]} 1... d5 {[%clk 1:15:55]} 2. Nf3 {[%clk 1:16:10]} 2...
Nf6 {[%clk 1:16:13]} 3. e3 {[%clk 1:16:23]} 3... Bf5 {[%clk 1:16:28]} 4. Bd3 {
[%clk 1:16:37]} 4... Bg6 {[%clk 1:16:47]} 5. O-O {[%clk 1:16:34]} 5... e6 {
[%clk 1:16:48]} 6. c3 {[%clk 1:16:17]} 6... Nc6 {[%clk 1:16:58]} 7. Bc2 { [%clk
1:16:12]} 7... Bd6 {[%clk 1:17:20]} 8. Nbd2 {[%clk 1:16:04]} 8... O-O { [%clk
1:17:18]} 9. Re1 {[%clk 1:16:12]} 9... Qd7 {[%clk 1:15:39]} 10. e4 { [%clk
1:14:55]} 10... dxe4 {[%clk 1:12:43]} 11. Nxe4 {[%clk 1:14:57]} 11... Be7
{[%clk 1:10:18]} 12. Nxf6+ {[%clk 1:10:49]} 12... Bxf6 {[%clk 1:10:17]} 13. Ne5
{[%clk 1:10:09]} 13... Nxe5 {[%clk 1:06:58]} 14. dxe5 {[%clk 1:10:14]} 14...
Qxd1 {[%clk 1:07:08]} 15. Bxd1 {[%clk 1:10:18]} 15... Be7 {[%clk 1:07:11]} 16.
Bf3 {[%clk 1:10:20]} 16... c6 {[%clk 1:07:19]} 17. Be3 {[%clk 1:09:41]} 17...
c5 {[%clk 0:58:07]} 18. Re2 {[%clk 1:09:15]} 18... Rab8 {[%clk 0:57:47]} 19. b4
{[%clk 1:08:09]} 19... cxb4 {[%clk 0:54:54]} 20. cxb4 {[%clk 1:08:24]} 20... b6
{[%clk 0:54:40]} 21. b5 {[%clk 1:07:36]} 21... Bd3 {[%clk 0:53:05]} 22. Rd2 {
[%clk 1:06:25]} 22... Bxb5 {[%clk 0:52:29]} 23. a4 {[%clk 1:05:53]} 23... Be8 {
[%clk 0:51:09]} 24. Rb2 {[%clk 1:03:50]} 24... Bd8 {[%clk 0:48:09]} 25. Bc5 {
[%clk 1:03:50]} 25... Bc7 {[%clk 0:44:15]} 26. Rbb1 {[%clk 1:02:48]} 26... bxc5
{[%clk 0:44:09]} 27. Rxb8 {[%clk 1:01:41]} 27... Bxb8 {[%clk 0:44:00]} 28. Rc1
{[%clk 1:02:01]} 28... Bxa4 {[%clk 0:43:43]} 29. Rxc5 {[%clk 1:02:15]} 29...
Rd8 {[%clk 0:43:28]} 30. Ra5 {[%clk 1:01:37]} 30... Bc6 {[%clk 0:42:41]} 31.
Rc5 {[%clk 1:01:31]} 31... Bxf3 {[%clk 0:42:56]} 32. gxf3 {[%clk 1:01:53]}
32... Kf8 {[%clk 0:43:03]} 33. Rb5 {[%clk 1:01:55]} 33... Ke8 {[%clk 0:42:28]}
34. Rb7 {[%clk 1:02:09]} 34... a6 {[%clk 0:42:05]} 35. Rb6 {[%clk 1:02:00]}
35... a5 {[%clk 0:42:20]} 36. Ra6 {[%clk 1:02:22]} 36... Rd5 {[%clk 0:41:46]}
37. f4 {[%clk 1:02:27]} 37... Bc7 {[%clk 0:41:52]} 38. Ra8+ {[%clk 1:02:43]}
38... Kd7 {[%clk 0:41:45]} 39. Ra7 {[%clk 1:02:17]} 39... Rd4 {[%clk 0:41:58]}
40. Kg2 {[%clk 1:02:22]} 40... Rxf4 {[%clk 0:42:12]} 41. Kg3 {[%clk 1:02:44]}
41... Re4 {[%clk 0:42:23]} 42. f4 {[%clk 1:02:56]} 42... a4 {[%clk 0:42:31]}
43. Kg4 {[%clk 1:02:53]} 43... f5+ {[%clk 0:41:50]} 44. Kg5 {[%clk 1:02:34]}
44... Kc8 {[%clk 0:40:30]} 45. Ra6 {[%clk 1:02:25]} 45... Bd8+ {[%clk 0:39:58]}
46. Kh5 {[%clk 1:02:33]} 46... Rxf4 {[%clk 0:40:11]} 47. Rxe6 {[%clk 1:02:53]}
47... Rh4# 0-1

[Event "DEM U10w 2018"]
[Site "Willingen GER"]
[Date "2018.05.25"]
[Round "9"]
[White "Peglau, Dora"]
[Black "Mirnaya, Veronika"]
[Result "1-0"]
[Termination "normal"]
[Board "4"]
[WhiteElo "1203"]
[BlackElo "1036"]
[WhiteClock "00:05:27"]
[BlackClock "00:32:15"]
[PlyCount "84"]
[WhiteFideId "16220005"]
[BlackFideId "16277406"]
[EventCountry "GER"]
[EventRounds "11"]
[EventType "swiss"]
[EventDate "2018.05.19"]

1. e4 {[%clk 1:15:59]} 1... e5 {[%clk 1:15:59]} 2. Bc4 {[%clk 1:16:18]} 2...
Nf6 {[%clk 1:16:09]} 3. d3 {[%clk 1:16:27]} 3... h6 {[%clk 1:16:19]} 4. Nc3 {
[%clk 1:16:29]} 4... Nc6 {[%clk 1:16:19]} 5. f4 {[%clk 1:16:04]} 5... d6 {
[%clk 1:12:39]} 6. f5 {[%clk 1:14:58]} 6... Bd7 {[%clk 1:08:24]} 7. Nf3 { [%clk
1:13:23]} 7... Be7 {[%clk 1:00:38]} 8. h3 {[%clk 1:06:45]} 8... Nd4 { [%clk
0:50:23]} 9. Be3 {[%clk 1:03:27]} 9... Nxf3+ {[%clk 0:49:12]} 10. Qxf3 { [%clk
1:02:35]} 10... Bc6 {[%clk 0:49:26]} 11. Qg3 {[%clk 0:53:24]} 11... Rg8 { [%clk
0:49:10]} 12. O-O-O {[%clk 0:49:33]} 12... Qd7 {[%clk 0:47:57]} 13. Qf2 { [%clk
0:43:44]} 13... b6 {[%clk 0:46:14]} 14. Ba6 {[%clk 0:40:03]} 14... Ba4 { [%clk
0:45:51]} 15. g4 {[%clk 0:36:39]} 15... Qc6 {[%clk 0:43:49]} 16. Bc4 { [%clk
0:30:49]} 16... Rf8 {[%clk 0:43:08]} 17. b3 {[%clk 0:29:46]} 17... b5 { [%clk
0:41:41]} 18. Bd5 {[%clk 0:25:36]} 18... Qxc3 {[%clk 0:40:49]} 19. Bxa8 { [%clk
0:24:59]} 19... Kd7 {[%clk 0:40:25]} 20. Bd5 {[%clk 0:22:16]} 20... Qa1+ {[%clk
0:39:46]} 21. Kd2 {[%clk 0:22:37]} 21... Qxa2 {[%clk 0:40:08]} 22. bxa4 {[%clk
0:22:26]} 22... Qxa4 {[%clk 0:39:50]} 23. Bb3 {[%clk 0:18:04]} 23... Qb4+
{[%clk 0:37:38]} 24. Ke2 {[%clk 0:18:00]} 24... a5 {[%clk 0:37:36]} 25. Rb1
{[%clk 0:17:20]} 25... Qc3 {[%clk 0:37:25]} 26. Bd2 {[%clk 0:17:09]} 26... Qc6
{[%clk 0:36:29]} 27. Bxa5 {[%clk 0:15:32]} 27... d5 {[%clk 0:35:54]} 28. exd5
{[%clk 0:10:26]} 28... Nxd5 {[%clk 0:36:10]} 29. Bxd5 {[%clk 0:10:24]} 29...
Qxd5 {[%clk 0:36:22]} 30. Qf3 {[%clk 0:10:06]} 30... Qa2 {[%clk 0:35:54]} 31.
Bd2 {[%clk 0:09:34]} 31... Qxc2 {[%clk 0:34:21]} 32. Rxb5 {[%clk 0:08:50]}
32... Bd6 {[%clk 0:32:41]} 33. Rc1 {[%clk 0:08:39]} 33... Qa4 {[%clk 0:32:34]}
34. Qc6+ {[%clk 0:08:00]} 34... Ke7 {[%clk 0:31:58]} 35. Rxe5+ {[%clk 0:08:20]}
35... Bxe5 {[%clk 0:32:19]} 36. Qxa4 {[%clk 0:08:40]} 36... Re8 {[%clk 0:32:34]
} 37. Bb4+ {[%clk 0:08:47]} 37... Kd8 {[%clk 0:32:34]} 38. Qa8+ {[%clk 0:08:55]
} 38... Kd7 {[%clk 0:32:56]} 39. Qc6+ {[%clk 0:08:54]} 39... Kd8 { [%clk
0:33:07]} 40. Qd5+ {[%clk 0:08:11]} 40... Kc8 {[%clk 0:32:36]} 41. Kf3 { [%clk
0:06:09]} 41... Bb2 {[%clk 0:32:31]} 42. Rc2 {[%clk 0:05:27]} 42... Bf6 { [%clk
0:32:15]  Ke4} 1-0

[Event "DEM U10w 2018"]
[Site "Willingen GER"]
[Date "2018.05.25"]
[Round "9"]
[White "Ottlik, Marie"]
[Black "Pröttel, Ela"]
[Result "1-0"]
[Termination "normal"]
[Board "5"]
[WhiteElo "1190"]
[BlackElo "1125"]
[WhiteClock "00:28:10"]
[BlackClock "00:00:52"]
[PlyCount "53"]
[WhiteFideId "16281730"]
[BlackFideId "44582749"]
[EventCountry "GER"]
[EventRounds "11"]
[EventType "swiss"]
[EventDate "2018.05.19"]

1. e4 {[%clk 1:15:56]} 1... c5 {[%clk 1:15:55]} 2. Nf3 {[%clk 1:16:16]} 2... a6
{[%clk 1:16:20]} 3. Nc3 {[%clk 1:16:33]} 3... e6 {[%clk 1:16:34]} 4. d4 { [%clk
1:16:35]} 4... cxd4 {[%clk 1:16:51]} 5. Nxd4 {[%clk 1:16:51]} 5... d6 { [%clk
1:14:15]} 6. Bd3 {[%clk 1:16:00]} 6... Nf6 {[%clk 1:12:38]} 7. O-O { [%clk
1:15:14]} 7... Be7 {[%clk 1:12:56]} 8. Kh1 {[%clk 1:13:36]} 8... O-O { [%clk
1:13:00]} 9. f4 {[%clk 1:13:41]} 9... Kh8 {[%clk 1:00:54]} 10. e5 { [%clk
1:11:32]} 10... dxe5 {[%clk 0:58:17]} 11. fxe5 {[%clk 1:05:51]} 11... Nd5
{[%clk 0:56:56]} 12. Nxd5 {[%clk 1:00:53]} 12... Qxd5 {[%clk 0:42:45]} 13. Qh5
{[%clk 0:49:16]} 13... g6 {[%clk 0:40:28]} 14. Qh6 {[%clk 0:48:41]} 14... Nd7 {
[%clk 0:36:01]} 15. Nf3 {[%clk 0:45:28]} 15... Rg8 {[%clk 0:24:01]} 16. Ng5 {
[%clk 0:40:06]} 16... Bxg5 {[%clk 0:22:58]} 17. Bxg5 {[%clk 0:38:17]} 17... Rg7
{[%clk 0:20:25]} 18. Bf6 {[%clk 0:34:02]} 18... Nxf6 {[%clk 0:17:37]} 19. exf6
{[%clk 0:34:10]} 19... Rg8 {[%clk 0:15:20]} 20. Rf4 {[%clk 0:32:54]} 20... Qh5
{[%clk 0:09:30]} 21. Qxh5 {[%clk 0:32:05]} 21... gxh5 {[%clk 0:09:45]} 22. Rh4
{[%clk 0:31:27]} 22... Rg5 {[%clk 0:08:37]} 23. Rd1 {[%clk 0:29:49]} 23... b5 {
[%clk 0:02:13]} 24. Be4 {[%clk 0:28:25]} 24... Ra7 {[%clk 0:00:58]} 25. Rd8+ {
[%clk 0:28:42]} 25... Rg8 {[%clk 0:01:00]} 26. Rxg8+ {[%clk 0:28:23]} 26...
Kxg8 {[%clk 0:00:52]} 27. Rxh5 {[%clk 0:28:10]} 1-0

[Event "DEM U10w 2018"]
[Site "Willingen GER"]
[Date "2018.05.25"]
[Round "9"]
[White "Oellrich, Emma"]
[Black "Sickmann, Lisa"]
[Result "1-0"]
[Termination "normal"]
[Board "6"]
[WhiteElo "1162"]
[BlackElo "1119"]
[WhiteClock "00:56:58"]
[BlackClock "01:18:27"]
[PlyCount "37"]
[WhiteFideId "16268806"]
[BlackFideId "16267818"]
[EventCountry "GER"]
[EventRounds "11"]
[EventType "swiss"]
[EventDate "2018.05.19"]

1. e4 {[%clk 1:15:57]} 1... e5 {[%clk 1:15:52]} 2. Nf3 {[%clk 1:16:23]} 2...
Nf6 {[%clk 1:16:04]} 3. Nxe5 {[%clk 1:16:05]} 3... d6 {[%clk 1:16:22]} 4. Nf3 {
[%clk 1:15:55]} 4... Nxe4 {[%clk 1:16:43]} 5. Qe2 {[%clk 1:15:10]} 5... Qe7 {
[%clk 1:17:05]} 6. d3 {[%clk 1:14:33]} 6... Nf6 {[%clk 1:17:29]} 7. Be3 { [%clk
1:14:14]} 7... Bg4 {[%clk 1:17:34]} 8. Nc3 {[%clk 1:13:34]} 8... Nc6 { [%clk
1:17:46]} 9. h3 {[%clk 1:13:43]} 9... Bh5 {[%clk 1:18:07]} 10. g4 { [%clk
1:13:21]} 10... Bg6 {[%clk 1:18:27]} 11. g5 {[%clk 1:13:32]} 11... Nd7 { [%clk
1:18:38]} 12. Nd5 {[%clk 1:13:44]} 12... Qd8 {[%clk 1:18:52]} 13. Nxc7+ { [%clk
1:13:59]} 13... Ke7 {[%clk 1:19:03]} 14. Bb6+ {[%clk 1:14:13]} 14... Nce5
{[%clk 1:19:02]} 15. Nd5+ {[%clk 1:14:29]} 15... Ke8 {[%clk 1:19:05]} 16. Bxd8
{[%clk 1:14:46]} 16... Kxd8 {[%clk 1:19:30]} 17. Nh4 {[%clk 1:08:31]} 17... Rc8
{[%clk 1:18:27]} 18. Nxg6 {[%clk 1:05:59]} 18... hxg6 {[%clk 1:18:27]} 19. Bg2
{[%clk 0:56:58]} 1-0

[Event "DEM U10w 2018"]
[Site "Willingen GER"]
[Date "2018.05.25"]
[Round "9"]
[White "Loos, Violeta"]
[Black "Schwenke, Mia"]
[Result "0-1"]
[Termination "normal"]
[Board "7"]
[WhiteElo "1023"]
[BlackElo "1062"]
[WhiteClock "00:43:11"]
[BlackClock "00:27:25"]
[PlyCount "70"]
[WhiteFideId "34605290"]
[BlackFideId "16263332"]
[EventCountry "GER"]
[EventRounds "11"]
[EventType "swiss"]
[EventDate "2018.05.19"]

1. e4 {[%clk 1:15:58]} 1... e5 {[%clk 1:15:54]} 2. Nf3 {[%clk 1:16:18]} 2...
Nc6 {[%clk 1:16:18]} 3. Bc4 {[%clk 1:16:40]} 3... Nf6 {[%clk 1:16:44]} 4. Nc3 {
[%clk 1:16:55]} 4... Nxe4 {[%clk 1:17:09]} 5. Nxe4 {[%clk 1:17:14]} 5... d5 {
[%clk 1:17:33]} 6. Bd3 {[%clk 1:16:22]} 6... dxe4 {[%clk 1:17:56]} 7. Bxe4 {
[%clk 1:16:43]} 7... Bd6 {[%clk 1:18:08]} 8. h3 {[%clk 1:15:50]} 8... O-O {
[%clk 1:18:26]} 9. O-O {[%clk 1:16:11]} 9... Be6 {[%clk 1:18:43]} 10. d3 {
[%clk 1:14:14]} 10... f5 11. Bxc6 11... bxc6 {[%clk 1:19:05]} 12. Re1 { [%clk
1:10:03]} 12... Qf6 {[%clk 1:18:56]} 13. Bg5 {[%clk 1:08:26]} 13... Qg6 { [%clk
1:17:53]} 14. Qd2 {[%clk 1:06:20]} 14... h6 {[%clk 1:14:11]} 15. Bh4 { [%clk
1:04:16]} 15... e4 {[%clk 1:09:18]} 16. Nd4 {[%clk 1:02:09]} 16... f4 { [%clk
1:00:45]} 17. Nxe6 {[%clk 0:54:55]} 17... f3 {[%clk 0:59:46]} 18. g3 { [%clk
0:53:26]} 18... Qxe6 {[%clk 1:00:06]} 19. Kh2 {[%clk 0:52:31]} 19... g5 { [%clk
0:57:36]} 20. Bxg5 {[%clk 0:52:18]} 20... Bxg3+ {[%clk 0:32:47]} 21. fxg3
{[%clk 0:49:39]} 21... f2 {[%clk 0:32:37]} 22. Rf1 {[%clk 0:47:57]} 22... hxg5
{[%clk 0:30:44]} 23. Qxg5+ {[%clk 0:47:54]} 23... Kh7 {[%clk 0:30:28]} 24. Qe3
{[%clk 0:46:21]} 24... Rf3 {[%clk 0:28:35]} 25. Qe2 {[%clk 0:44:18]} 25... Qe5
{[%clk 0:28:34]} 26. Rxf2 {[%clk 0:43:52]} 26... Qxg3+ {[%clk 0:28:32]} 27. Kh1
{[%clk 0:43:53]} 27... Rxf2 {[%clk 0:28:47]} 28. Qxe4+ {[%clk 0:43:25]} 28...
Kg7 {[%clk 0:28:37]} 29. Qd4+ {[%clk 0:43:19]} 29... Kg6 {[%clk 0:28:15]} 30.
Qe4+ {[%clk 0:43:26]} 30... Kf6 {[%clk 0:27:14]} 31. Qd4+ {[%clk 0:43:18]}
31... Kf7 {[%clk 0:27:08]} 32. Qc4+ {[%clk 0:43:01]} 32... Kf8 {[%clk 0:27:09]}
33. Qc5+ {[%clk 0:42:59]} 33... Kg7 {[%clk 0:27:12]} 34. Qd4+ {[%clk 0:43:11]}
34... Kh6 {[%clk 0:27:25]} 35. Rg1 Qh2# 0-1

[Event "DEM U10w 2018"]
[Site "Willingen GER"]
[Date "2018.05.25"]
[Round "9"]
[White "Czäczine, Laura"]
[Black "Bako, Evelin"]
[Result "1-0"]
[Termination "normal"]
[Board "8"]
[WhiteElo "1171"]
[BlackElo "971"]
[WhiteClock "00:56:55"]
[BlackClock "00:45:47"]
[PlyCount "57"]
[WhiteFideId "16211448"]
[BlackFideId "16271823"]
[EventCountry "GER"]
[EventRounds "11"]
[EventType "swiss"]
[EventDate "2018.05.19"]

1. e4 {[%clk 1:15:57]} 1... e5 {[%clk 1:15:51]} 2. Nf3 {[%clk 1:16:17]} 2...
Nf6 {[%clk 1:16:11]} 3. d4 {[%clk 1:16:30]} 3... Nxe4 {[%clk 1:16:26]} 4. dxe5
{[%clk 1:16:34]} 4... d5 {[%clk 1:16:32]} 5. Nbd2 {[%clk 1:16:18]} 5... Nc5 {
[%clk 1:14:58]} 6. Nd4 {[%clk 1:14:55]} 6... Nc6 {[%clk 1:13:49]} 7. N2f3 {
[%clk 1:13:13]} 7... Bg4 {[%clk 1:13:41]} 8. Be2 {[%clk 1:12:41]} 8... Be7 {
[%clk 1:13:18]} 9. Bf4 {[%clk 1:11:24]} 9... O-O {[%clk 1:13:14]} 10. O-O {
[%clk 1:09:33]} 10... Ne4 {[%clk 1:11:22]} 11. Re1 {[%clk 1:07:21]} 11... Bc5 {
[%clk 1:11:09]} 12. Rc1 {[%clk 1:03:27]} 12... Bxf3 {[%clk 1:06:16]} 13. Nxc6 {
[%clk 1:03:15]} 13... bxc6 {[%clk 1:06:24]} 14. Rf1 {[%clk 1:02:17]} 14... Bxe2
{[%clk 1:06:19]} 15. Qxe2 {[%clk 1:02:43]} 15... Rb8 {[%clk 0:56:18]} 16. Qg4 {
[%clk 1:01:45]} 16... Kh8 {[%clk 0:55:23]} 17. b3 {[%clk 0:59:32]} 17... Rb4 {
[%clk 0:53:42]} 18. Rcd1 {[%clk 0:57:27]} 18... Nc3 {[%clk 0:54:00]} 19. Rd3 {
[%clk 0:57:06]} 19... Ne2+ {[%clk 0:53:31]} 20. Qxe2 {[%clk 0:57:05]} 20...
Rxf4 {[%clk 0:53:42]} 21. Qh5 {[%clk 0:56:26]} 21... g6 {[%clk 0:53:24]} 22.
Qh6 {[%clk 0:56:26]} 22... Rf5 {[%clk 0:53:05]} 23. g4 {[%clk 0:55:23]} 23...
Rxe5 {[%clk 0:53:16]} 24. Rh3 {[%clk 0:55:40]} 24... Bxf2+ {[%clk 0:50:40]} 25.
Rxf2 {[%clk 0:55:34]} 25... Re1+ {[%clk 0:51:03]} 26. Kg2 {[%clk 0:55:54]}
26... Rg1+ {[%clk 0:46:57]} 27. Kxg1 {[%clk 0:56:11]} 27... Qh4 {[%clk 0:45:27]
} 28. Rxh4 {[%clk 0:56:32]} 28... g5 {[%clk 0:45:47]} 29. Qxh7# {[%clk 0:56:55]
} 1-0

[Event "DEM U10w 2018"]
[Site "Willingen GER"]
[Date "2018.05.25"]
[Round "9"]
[White "Khanbekyan, Nare"]
[Black "Klonov, Sofia"]
[Result "1-0"]
[Termination "normal"]
[Board "10"]
[WhiteElo "1123"]
[BlackElo "1028"]
[PlyCount "87"]
[WhiteFideId "16270916"]
[BlackFideId "16226240"]
[EventCountry "GER"]
[EventRounds "11"]
[EventType "swiss"]
[EventDate "2018.05.19"]

1. e4 c5 2. Nf3 Nc6 3. d4 cxd4 4. Nxd4 g6 5. c4 Bg7 6. Be3 Nf6 7. Nc3 e6 8. Be2
d5 9. cxd5 exd5 10. exd5 Nxd5 11. Nxc6 bxc6 12. O-O O-O 13. Nxd5 cxd5 14. Rb1
Bb7 15. Bf3 Be5 16. b4 a6 17. Qd3 d4 18. Bxb7 Rb8 19. Bxa6 dxe3 20. Qxe3 Re8
21. Qb3 Qh4 22. g3 Qh3 23. Bc4 Rf8 24. Rfe1 Rbe8 25. Rbd1 Qf5 26. Rd5 Qf6 27.
Kg2 Bd4 28. Rxe8 Rxe8 29. Qf3 Qxf3+ 30. Kxf3 Rb8 31. Rxd4 Rxb4 32. Bxf7+ Kxf7
33. Rxb4 Ke6 34. a4 Kd5 35. a5 Kc5 36. Rb1 Kc4 37. a6 Kc3 38. a7 Kc2 39. Rb6
Kd3 40. a8=Q Kd4 41. Qe4+ Kc5 42. Rc6+ Kb5 43. Qc4+ Ka5 44. Ra6# 1-0

[Event "DEM U10w 2018"]
[Site "Willingen GER"]
[Date "2018.05.25"]
[Round "9"]
[White "Praus, Pia-Rosa"]
[Black "Bone, Annalena"]
[Result "1-0"]
[Termination "normal"]
[Board "11"]
[WhiteElo "1055"]
[BlackElo "990"]
[PlyCount "105"]
[WhiteFideId "16271815"]
[BlackFideId "16284453"]
[EventCountry "GER"]
[EventRounds "11"]
[EventType "swiss"]
[EventDate "2018.05.19"]

1. d4 d5 2. Bf4 Nf6 3. e3 c5 4. c3 Nc6 5. Nd2 Bf5 6. Ngf3 Qb6 7. Qc1 e6 8. Be2
Be7 9. Ne5 cxd4 10. exd4 O-O 11. Ndf3 Nh5 12. Nd7 Qd8 13. Nxf8 Bxf8 14. Ne5
Nxe5 15. Bxe5 Nf6 16. Bxf6 Qxf6 17. h4 Rc8 18. g4 Be4 19. f3 Bxf3 20. Rf1 Qxh4+
21. Kd1 Bg2 22. Re1 Bd6 23. Qd2 Qf6 24. Bd3 Bf4 25. Qxg2 Qh4 26. Rh1 Qg5 27.
Rxh7 f5 28. Rh5 Qg6 29. Rh4 Qg5 30. Qh3 Kf7 31. gxf5 Qg1+ 32. Qf1 Qxf1+ 33.
Bxf1 exf5 34. Rxf4 g6 35. Bg2 Ke6 36. Kc2 Kd6 37. Re1 Rh8 38. Re5 Rh2 39. Rxd5+
Ke6 40. Re5+ Kf6 41. Rf2 Kg5 42. Rfe2 Rh4 43. Bxb7 Kf6 44. d5 Rh7 45. Bc6 Rh8
46. d6 Rd8 47. d7 a5 48. Re8 Rxe8 49. dxe8=Q Kg5 50. Qe7+ Kg4 51. Qe3 Kh4 52.
Qf4+ Kh3 53. Rh2# 1-0

[Event "DEM U10w 2018"]
[Site "Willingen GER"]
[Date "2018.05.25"]
[Round "9"]
[White "Trunz, Tamila"]
[Black "Muhina, Alina"]
[Result "1-0"]
[Termination "normal"]
[Board "12"]
[WhiteElo "1046"]
[BlackElo "948"]
[PlyCount "105"]
[WhiteFideId "16267885"]
[BlackFideId "16298322"]
[EventCountry "GER"]
[EventRounds "11"]
[EventType "swiss"]
[EventDate "2018.05.19"]

1. e4 c6 2. d4 d5 3. Nc3 dxe4 4. Nxe4 Nf6 5. Nc3 Bf5 6. Bc4 e6 7. Bg5 Bd6 8.
Nge2 O-O 9. O-O Nbd7 10. Ng3 Bxg3 11. fxg3 h6 12. Bf4 Qb6 13. Qd2 Qxb2 14. Bd6
Rfe8 15. Bb3 Bxc2 16. Rab1 Qxb1 17. Nxb1 Bxb1 18. Rxb1 Ne4 19. Qb4 a5 20. Qxb7
Nxd6 21. Qxd7 Rad8 22. Qxc6 Nf5 23. Ba4 Rf8 24. Rd1 Rc8 25. Qb6 Rb8 26. Qxa5
Rb2 27. Rd2 Rb1+ 28. Kf2 Nd6 29. Qe5 Nc4 30. Qe2 Nxd2 31. Qxd2 Rfb8 32. Qc3
R1b2+ 33. Bc2 Rxc2+ 34. Qxc2 Rb5 35. a4 Ra5 36. Qc4 g5 37. Qb4 Ra8 38. a5 Kg7
39. Qb6 Rc8 40. a6 Rc2+ 41. Ke3 Rc3+ 42. Ke4 f5+ 43. Ke5 Re3+ 44. Kd6 Ra3 45.
Qb7+ Kg6 46. a7 Rxa7 47. Qxa7 f4 48. gxf4 gxf4 49. Kxe6 Kh5 50. d5 Kg4 51. Qg7+
Kh4 52. Kf5 f3 53. Qg4# 1-0

[Event "DEM U10w 2018"]
[Site "Willingen GER"]
[Date "2018.05.25"]
[Round "9"]
[White "Heuberger, Sandra"]
[Black "Loos, Tilda"]
[Result "0-1"]
[Termination "normal"]
[Board "13"]
[WhiteElo "1132"]
[BlackElo "1091"]
[PlyCount "84"]
[WhiteFideId "16232151"]
[BlackFideId "34620559"]
[EventCountry "GER"]
[EventRounds "11"]
[EventType "swiss"]
[EventDate "2018.05.19"]

1. e4 c5 2. Nf3 e6 3. d4 cxd4 4. Nxd4 Nf6 5. Bd3 Nc6 6. Nxc6 bxc6 7. O-O Be7 8.
Nd2 O-O 9. b3 d5 10. e5 Nd7 11. f4 Bc5+ 12. Kh1 f5 13. Bb2 a5 14. a3 Ba6 15. c4
Bb6 16. b4 c5 17. b5 Bb7 18. a4 Qc7 19. Qe2 d4 20. Rad1 Rfd8 21. Qh5 Rab8 22.
Nf3 Ba8 23. Ng5 Nf8 24. Be2 Qb7 25. Bf3 Qc7 {(=)} 26. Bxa8 Rxa8 27. Rf3 h6 28.
Nh3 Rd7 {(=)} 29. Rg3 g6 30. Rdd3 Kh7 31. Qh4 h5 32. Rg5 Rg7 33. Rdg3 Qd7 34.
Bc1 d3 35. Bd2 Bd8 36. Rxh5+ gxh5 37. Qxh5+ Kg8 38. Ng5 Bxg5 39. fxg5 Qd4 40.
Rh3 Qa1+ 41. Bc1 Qxc1+ 42. Qd1 Qxd1# 0-1

[Event "DEM U10w 2018"]
[Site "Willingen GER"]
[Date "2018.05.25"]
[Round "9"]
[White "Bangiev, Katharina"]
[Black "Schupfer, Victoria"]
[Result "1-0"]
[Termination "normal"]
[Board "14"]
[WhiteElo "1009"]
[BlackElo "958"]
[PlyCount "71"]
[WhiteFideId "16267230"]
[EventCountry "GER"]
[EventRounds "11"]
[EventType "swiss"]
[EventDate "2018.05.19"]

1. e4 e5 2. Nf3 Nc6 3. Bb5 a6 4. Bxc6 dxc6 5. Nc3 Bd6 6. d4 Qe7 7. dxe5 Bxe5 8.
Nxe5 Qxe5 9. Be3 Nf6 10. Qd3 Ng4 11. h3 Nf6 12. O-O-O Be6 13. a3 { laut beider
Partieformulare folgt hier O-O-O} 13... Rd8 14. -- Rd7 15. -- Kd8 16. -- Kc8
17. -- 17... Rdd8 {ab hier weiter laut Partieformular} 18. Qe2 Nxe4 19. Nxe4
Qxe4 20. f3 Qa4 21. Bg5 Rxd1+ 22. Rxd1 b5 23. Rd2 b4 24. Rd4 c5 25. Rf4 Qa5 26.
Qe3 Re8 27. axb4 Qa1+ 28. Kd2 c4 29. Rxc4 Bd7 30. Qf2 Bb5 31. Re4 Qxb2 32.
Rxe8+ Bxe8 33. Qc5 Qa3 34. Bf4 c6 35. Qd6 Kb7 36. Qb8# 1-0

[Event "DEM U10w 2018"]
[Site "Willingen GER"]
[Date "2018.05.25"]
[Round "9"]
[White "Scheerer, Amelie"]
[Black "Scherer, Pia"]
[Result "0-1"]
[Termination "normal"]
[Board "15"]
[WhiteElo "957"]
[BlackElo "740"]
[PlyCount "44"]
[WhiteFideId "16275772"]
[EventCountry "GER"]
[EventRounds "11"]
[EventType "swiss"]
[EventDate "2018.05.19"]

1. e4 e5 2. Nf3 Nc6 3. Bc4 Bc5 4. c3 Nf6 5. d4 exd4 6. cxd4 Bb4+ 7. Bd2 Nxe4 8.
Qe2 d5 9. Bd3 Bf5 10. Bxe4 dxe4 11. Ne5 Bxd2+ 12. Nxd2 Nxd4 13. Qc4 O-O 14.
O-O-O Be6 15. Qa4 Ne2+ 16. Kb1 Qd5 17. Qxe4 Qxa2+ 18. Kc2 g6 19. Qxe2 Bf5+ 20.
Ne4 Qa4+ 21. Kd3 Rad8+ 22. Ke3 Qxe4# 0-1